00283nam a2200121Ia 4500008004100000041000800041082001200049100001700061245001700078260003700095300002400132365000500156240624s9999 xx 000 0 und d aeng a823 HOW aHOWARD LINDA aKILLING TIME c2005aNew YorkbBallantine Books a363 : p. : cm. ; 17 c